000 00738nam a2200229 a 4500
999 _c5197
_d5197
001 5197
003 BD-JhCC
005 20171213132213.0
008 171210s2010 bg ||||| |||| 00| 0 ben d
020 _a9847015601614
035 _a(BD-JhCC)5197
040 _aBD-JhCC
_dBD-JhCC
041 _aben
082 _a338.91
_bHOS 2010
100 _aহোসেন, মোঃ কামাল
245 _aতাজউদ্দীন আহমদের অর্থনৈতিক পরিকল্পনা /
_c মোঃ কামাল হোসেন
260 _aঢাকা :
_bমাওলা ব্রাদার্স,
_c2010.
300 _a164 p. :
_c21 cm.
650 _aEconomic policy
942 _2ddc
_cBK